Library of the University of Algiers 3
Ibrahim Sultan Cheibout
شعار جامعة الجزائر 3
مكتبة جامعة الجزائر 3
إبراهيم سلطان شيبوط

محاسبة البترول / (رقم التسجيلة. 44227)

تفاصيل مارك
000 -LEADER
fixed length control field 01575nam a2200253Ia 4500
003 - CONTROL NUMBER IDENTIFIER
control field Ost
005 - DATE AND TIME OF LATEST TRANSACTION
control field 20260507075356.0
008 - FIXED-LENGTH DATA ELEMENTS--GENERAL INFORMATION
fixed length control field 260507s9999||||xx |||||||||||||| ||und||
020 ## - INTERNATIONAL STANDARD BOOK NUMBER
International Standard Book Number 1516169957
040 ## - CATALOGING SOURCE
Transcribing agency fsecg
041 ## - LANGUAGE CODE
Language code of text/sound track or separate title ara
082 ## - DEWEY DECIMAL CLASSIFICATION NUMBER
Classification number 330
100 ## - MAIN ENTRY--PERSONAL NAME
Personal name القاضي، حسين
Relator term مؤلف
245 #0 - TITLE STATEMENT
Title محاسبة البترول /
Statement of responsibility, etc. حسين القاضي
260 ## - PUBLICATION, DISTRIBUTION, ETC.
Place of publication, distribution, etc. عمان:
Name of publisher, distributor, etc. دار الثقافة للنشر والتوزيع,
Date of publication, distribution, etc. 2010
300 ## - PHYSICAL DESCRIPTION
Extent 368 صفحة؛
Other physical details إيضاحات ؛
Dimensions 25 سم
504 ## - BIBLIOGRAPHY, ETC. NOTE
Bibliography, etc. note كشاف مصطلحات ص349؛ المراجع ص361
520 ## - SUMMARY, ETC.
Summary, etc. الطبيعة الجيولوجية والفنية والإقتصادية والإدارية لصناعة انتاج البترول- المعايير المحاسبية بشركات انتاج البترول- احتياطيات النفط والغاز- محاسبة تكاليف الإستكشاف- محاسبة الحصول على المناطق غير المبرهنة- محاسبة تكاليف الحفر والتطوير- محاسبة تكاليف الإنتاج- نفاذ تكاليف مناطق النفط والغاز المرسملة- محاسبة انخفاض قيمة المناطق غير المبرهنة والمبرهنة- محاسبة مبيعات المناطق المبرهنة وغير المبرهنة- محاسبة عقود تقاسم الإنتاج
653 ## - INDEX TERM--UNCONTROLLED
Uncontrolled term البترول
653 ## - INDEX TERM--UNCONTROLLED
Uncontrolled term المحاسبة الحكومية
653 ## - INDEX TERM--UNCONTROLLED
Uncontrolled term انتاج النفط
700 ## - ADDED ENTRY--PERSONAL NAME
Personal name الريشاني، سمير
Relator term مؤلف ثانوي
942 ## - ADDED ENTRY ELEMENTS (KOHA)
Koha item type كتب
المقتنيات
Withdrawn status Lost status Source of classification or shelving scheme Damaged status Not for loan Home library Current library Date acquired Serial enumeration / chronology Inventory number Total checkouts Full call number Barcode Date last seen Price effective from Koha item type
    Dewey Decimal Classification   NOT LOAN / إعارة داخلية مكتبة كلية العلوم الإقتصادية والعلوم التجارية وعلوم التسيير مكتبة كلية العلوم الإقتصادية والعلوم التجارية وعلوم التسيير 07/05/2026 الطابق الأرضي 25361   أ/4286ن1 25361 07/05/2026 07/05/2026 كتب
    Dewey Decimal Classification   Available مكتبة كلية العلوم الإقتصادية والعلوم التجارية وعلوم التسيير مكتبة كلية العلوم الإقتصادية والعلوم التجارية وعلوم التسيير 07/05/2026 الطابق الأرضي 25362   أ/4286ن2 25362 07/05/2026 07/05/2026 كتب
    Dewey Decimal Classification   Available مكتبة كلية العلوم الإقتصادية والعلوم التجارية وعلوم التسيير مكتبة كلية العلوم الإقتصادية والعلوم التجارية وعلوم التسيير 07/05/2026 الطابق الثاني 25363   أ/4286ن3 25363 07/05/2026 07/05/2026 كتب

موارد الويب المفتوحة


© University of Algiers 3 All Rights Reserved
|
Implemented by LECHELAH Riad